000 00863cam a22002294a 4500
005 20250605164249.0
008 250528s ||||||||||||||||||||||||d
035 _a21657
020 _a9781848601529
040 _aGR-AtMCL
_bgre
_dGR-AtMCL
_eAACR2
245 1 _aINTEGRATIVE COUNSELLING SKILLS IN ACTION
250 _a3
260 _bSage Publications,
_c2011
300 _a213
505 0 _aLEARNING COUNSELLING SKILLS OVERVIEW: INTRODUCING THE INTEGRATIVE SKILLS MODEL THE FOUNDATION SKILLS THE BEGINNING STAGE THE MIDDLE STAGE THE ENDING STAGE CASE STUDY
520 _aLEARNING COUNSELLING SKILLS OVERVIEW: INTRODUCING THE INTEGRATIVE SKILLS MODEL THE FOUNDATION SKILLS THE BEGINNING STAGE THE MIDDLE STAGE THE ENDING STAGE CASE STUDY
700 1 _aBond Tim
_96317
700 1 _aCulley Sue
_97593
942 _cBK
999 _c6718
_d6718